000 02120cam a2200157 4500500
005 20251214002554.0
041 _afre
042 _adc
100 1 0 _aBernard, Mathilde
_eauthor
700 1 0 _aGefen, Alexandre
_eauthor
700 1 0 _aTalon-Hugon, Carole
_eauthor
245 0 0 _aArts et émotions
260 _bArmand Colin,
_c2016.
520 _aLa question des émotions représentées, exprimées ou provoquées par l’art a été largement éclipsée par une modernité qui dédaignait les problématiques « psychologisantes » et préférait se centrer sur des interrogations formelles. La sortie de l’art de ce moment formaliste, d’une part, et le développement des disciplines scientifiques ayant les émotions pour objet, d’autre part, invitent à ré-ouvrir le dossier des liens complexes et variés que les arts entretiennent avec les affects en l’enrichissant de la contribution des sciences cognitives et des théories psychologiques ou sociologiques de la réception et de la lecture. Ce dictionnaire fournit un outil unique et précieux pour cartographier ce champ de recherche en plein essor, dessiner ses grandes problématiques, présenter ses principaux théoriciens et rassembler sa bibliographie. Son originalité tient au fait que la réflexion y est toujours conduite à partir d’œuvres d’art particulières, et soumise à leur épreuve. Qu’il s’agisse des mécanismes complexes de l’immersion fictionnelle, des processus de mise en commun collective des émotions individuelles, de la responsabilité éthique de l’art, des interactions entre l’ordre de la création et la logique des émotions, il y a là autant de champs d’interrogations qui peuvent bénéficier du riche apport interdisciplinaire des « sciences de l’affect », alors même, que, dans l’autre sens, ces disciplines ont beaucoup à gagner à se pencher sur des corpus artistiques, compris comme des dispositifs de production, d’interrogation et de manipulation des affects.
856 4 1 _uhttps://shs.cairn.info/arts-et-emotions--9782200294823?lang=fr&redirect-ssocas=7080
999 _c1567134
_d1567134